Statistics for Biggest Urban Areas in the US

Click here to take the quiz!

General Stats

  • This quiz has been taken 108 times
  • The average score is 43 of 50

Answer Stats

PopulationCity% Correct
4,944,332Houston
100%
5,502,379Miami
100%
8,608,208Chicago
99%
14,083,662Los Angeles
99%
18,351,295New York City
99%
4,945,708San Francisco
99%
5,121,892Dallas
98%
5,441,567Philadelphia
98%
3,629,114Phoenix
98%
3,059,393Seattle
97%
4,586,770Washington D.C
97%
4,181,019Boston
95%
2,374,203Denver
94%
4,515,419Atlanta
93%
3,734,090Detroit
93%
1,510,516Orlando
93%
1,849,898Portland
92%
2,956,746San Diego
92%
2,441,770Tampa
92%
1,780,673Cleveland
91%
1,519,417Kansas City
91%
1,886,011Las Vegas
91%
1,065,219Jacksonville
90%
969,587Nashville
90%
2,150,706St. Louis
90%
1,362,416Austin
88%
1,249,442Charlotte
87%
1,624,827Cincinnati
87%
2,650,890Minneapolis
87%
899,703New Orleans
87%
861,505Oklahoma City
87%
1,758,210San Antonio
86%
2,203,663Baltimore
85%
1,060,061Memphis
85%
1,376,476Milwaukee
85%
1,368,035Columbus
83%
1,487,483Indianapolis
83%
1,733,853Pittsburgh
83%
1,723,634Sacramento
80%
972,546Louisville
78%
1,021,243Salt Lake City
78%
884,891Raleigh
76%
935,906Buffalo
73%
1,664,496San Jose
72%
953,556Richmond
69%
1,439,666Virginia Beach
66%
1,190,956Providence
63%
1,932,666Riverside
52%
924,859Hartford
50%
923,311Bridgeport
27%

Score Distribution

Percentile by Number Answered

Percent of People with Each Score

Your Score History

You have not taken this quiz